Sports Quiz

Random Sports or Europe Quiz

Top 50 Clubs in Europe 2011-12 Quiz Stats

 Plays Quiz not verified by Sporcle

Challenge
Share
Tweet
Embed
Score 0/50 Timer 12:00
0 Plays Today
Ranking Club % Correct
2Barcelona
100%
3Chelsea
100%
1Manchester United
99.3%
7Real Madrid
99.3%
5Liverpool
98.7%
10AC
98.7%
4Bayern Munchen
96.7%
6Arsenal
96.7%
9Internazionale
96.7%
8Porto
94.1%
13Olympique Lyonnais
90.8%
15Valencia
90.2%
16AS Roma
88.2%
18Tottenham Hotspur
87.6%
17Benfica
86.9%
42Manchester City
86.3%
43Juventus
85.6%
34Ajax
85%
24Olympique Marseille
84.3%
25Sporting CP Lisbon
81.7%
21PSV Eindhoven
81%
23Atletico Madrid
78.4%
33Glasgow Rangers
78.4%
22CSKA Moscow
75.8%
11Sevilla
74.5%
Ranking Club % Correct
20Hamburger SV
71.9%
38Paris Saint Germain
71.2%
12Werder Bremen
69.9%
29Schalke 04
69.9%
46Everton
69.9%
40Olympiakos Piraeus
67.3%
31Zenit St. Petersburg
66.7%
45Galatasaray
66.7%
14Shakhtar Donetsk
64.7%
26Girondins Bordeaux
64.7%
50Lille OSC
64.1%
32Panathinaikos
62.7%
37Spartak Moscow
60.8%
19Villarreal
60.1%
28Sporting Braga
59.5%
36VfB Stuttgart
59.5%
48Anderlecht
58.2%
27Fiorentina
57.5%
35Bayer Leverkusen
56.9%
41Fenerbahce
54.2%
47AZ Alkmaar
49.7%
49FC Twente Enschede
48.4%
44Espanyol
38.6%
39FC København
13.7%
30Dynamo Kyev
12.4%

You're not logged in!

Compare scores with friends on all Sporcle quizzes.
OR
Log In

You Might Also Like...

Show Comments

Extras

Top Quizzes Today


Score Distribution

Your Account Isn't Verified!

In order to create a playlist on Sporcle, you need to verify the email address you used during registration. Go to your Sporcle Settings to finish the process.

Report this User

Report this user for behavior that violates our Community Guidelines.

Details: